Exención de prisión y habeas corpus: una problemática en el trámite judicial / (Registro nro. 6417)
[ vista simple ]
| 000 -LEADER | |
|---|---|
| fixed length control field | 01414nab a22002417a 4500 |
| 003 - CONTROL NUMBER IDENTIFIER | |
| control field | OSt |
| 005 - DATE AND TIME OF LATEST TRANSACTION | |
| control field | 20260202132039.0 |
| 008 - FIXED-LENGTH DATA ELEMENTS--GENERAL INFORMATION | |
| fixed length control field | 190429b xxu||||| |||| 00| 0 spa d |
| 040 ## - CATALOGING SOURCE | |
| Transcribing agency | PJ |
| 100 ## - MAIN ENTRY--PERSONAL NAME | |
| Personal name | Arrieta Cano, Franco |
| 9 (RLIN) | 7051 |
| 245 10 - TITLE STATEMENT | |
| Title | Exención de prisión y habeas corpus: una problemática en el trámite judicial / |
| Statement of responsibility, etc | Franco Arrieta Cano. |
| 260 ## - PUBLICATION, DISTRIBUTION, ETC. (IMPRINT) | |
| Date of publication, distribution, etc | Ciudad Autónoma de Buenos Aires : |
| Place of publication, distribution, etc | Thomson Reuters La Ley, |
| Name of publisher, distributor, etc | 2023. |
| 300 ## - PHYSICAL DESCRIPTION | |
| Extent | p. 149-158 |
| 500 ## - GENERAL NOTE | |
| General note | Cita Online: AR/DOC/2130/2023. |
| 505 ## - FORMATTED CONTENTS NOTE | |
| Formatted contents note | Sumario: I. Palabras iniciales.— II. Habeas corpus y algunas de sus características.— III. Habeas corpus preventivo.— IV. La exención de prisión.— V. Algunas similitudes entre ambos institutos procesales.— VI. El problema de la presentación del habeas corpus preventivo con propósito de lograr una eximición de prisión.— VII. El foco de análisis.— VIII. La verdadera finalidad de este trámite.— IX. Posible solución al problema planteado.<br/> |
| 505 ## - FORMATTED CONTENTS NOTE | |
| Title | Si te interesa el texto completo, solicitalo a koha@justierradelfuego.gov.ar |
| 650 #0 - SUBJECT ADDED ENTRY--TOPICAL TERM | |
| 9 (RLIN) | 343 |
| Topical term or geographic name as entry element | DERECHO PENAL |
| 650 #0 - SUBJECT ADDED ENTRY--TOPICAL TERM | |
| 9 (RLIN) | 2348 |
| Topical term or geographic name as entry element | PROCESO PENAL |
| 650 #0 - SUBJECT ADDED ENTRY--TOPICAL TERM | |
| 9 (RLIN) | 3095 |
| Topical term or geographic name as entry element | EXIMICIÓN DE PRISIÓN |
| 650 #0 - SUBJECT ADDED ENTRY--TOPICAL TERM | |
| 9 (RLIN) | 2082 |
| Topical term or geographic name as entry element | HÁBEAS CORPUS |
| 773 0# - HOST ITEM ENTRY | |
| Host Biblionumber | 2658 |
| Host Itemnumber | 3164 |
| Title | Revista de derecho penal y criminología. Nº 9 - Octubre 2023 |
| Place, publisher, and date of publication | Ciudad Autónoma de Buenos Aires : Thomson Reuters La Ley, 2017- |
| International Standard Serial Number | 00347914 |
| 942 ## - ADDED ENTRY ELEMENTS (KOHA) | |
| Source of classification or shelving scheme | |
| Koha item type | Analítica Artículo de Revista |
No hay ítems disponibles.
